| 000 | 00437nam a2200145 a 4500 | ||
|---|---|---|---|
| 005 | 20140310183154.0 | ||
| 008 | 030428s19uu xx 00 eng d | ||
| 050 |
_aAG 195 _b.F626g2 2000 |
||
| 245 |
_aFlip Quiz : _bGeneral Knowledge (questions & answers) age 10-11 / |
||
| 260 |
_aChina : _bMiles Kelly Publishing Ltd., _c2000. |
||
| 300 |
_c21 cm. : _aill. col. ; _b8 cm. |
||
| 650 | _aGeneral Works | ||
| 942 |
_cBK _2lcc |
||
| 999 |
_c19703 _d19703 |
||